People Who Lived a Very Long Time - Statistics

General Stats
  • This quiz has been taken 14,909 times
  • The average score is 11 of 20
Answer Stats
Hint Age Died Answer % Correct
First black leader of South Africa 95 2013 Nelson Mandela
89%
Technically speaking, she ruled 16 countries in the British Commonwealth 96 2022 Queen Elizabeth II
89%
He was ex-President since 1981, longer than any person in history 100 2024 Jimmy Carter
79%
His official title was Duke of Edinburgh 99 2021 Prince {Philip}
72%
History's pre-eminent Cubist painter 91 1973 Pablo Picasso
69%
Narrator of "Planet Earth", younger brother of director Richard b. 1926 alive David Attenborough
67%
Star of "Spartacus" whose son Michael is quite old himself 103 2020 Kirk Douglas
63%
With roles in "Gran Torino", "In the Line of Fire", and "The Mule", he's starred as the old guy for quite some time b. 1930 alive Clint Eastwood
61%
She was already considered old in 1985 as one of "The Golden Girls" 99 2021 Betty White
55%
Zimbabwean dictator who proved the adage "the good die young" 95 2019 Robert Mugabe
55%
The oldest person in the Bible 969 ? Methuselah
51%
Director of "The Producers", "Blazing Saddles", and "Spaceballs" b. 1926 alive Mel Brooks
46%
Great Egyptian pharaoh also known as "Ozymandias" 90 1213 B.C. Ramses II
41%
The last Pinta Island tortoise in existence 102 2012 Lonesome {George}
40%
In 1962, this crooner left his heart in San Francisco. In 2014, he danced cheek to cheek with Lady Gaga. 96 2023 Tony Bennett
39%
He hosted the Oscars a record 19 times 100 2003 Bob Hope
37%
This cigar-smoking comedian, husband of Gracie Allen, was famous for being old 100 1996 George Burns
35%
Songwriter who wrote "White Christmas" and "Cheek to Cheek" 101 1989 Irving Berlin
30%
Children's author who wrote "Ramona the Pest" 104 2021 Beverly {Cleary}
29%
Credited as the oldest person in history, some people (including me) believe that she stole her mother's identity 122 / 99 1997 Jeanne Calment
14%
No matching quizzes found
Score Distribution
Percent of People with Each Score
Percentile by Number Answered
Your Score History
You have not taken this quiz